Произведения 1909-1910 (Запись № 13628458)
[ простой вид ]
| 000 -МАРКЕР | |
|---|---|
| контрольное поле | 01848nam2a2200277 4500 |
| 001 - ИДЕНТИФИКАТОР ЗАПИСИ | |
| контрольное поле | rc\2859583 |
| 005 - ИДЕНТИФИКАТОР ВЕРСИИ | |
| контрольное поле | 20241228103132.0 |
| 035 ## - ДРУГИЕ СИСТЕМНЫЕ НОМЕРА | |
| Идентификатор записи | (NLR Aleph) 007203733 |
| 100 ## - ДАННЫЕ ОБЩЕЙ ОБРАБОТКИ | |
| Данные общей обработки | 20110709d1936 |||y0rusy50 ca |
| 101 0# - ЯЗЫК РЕСУРСА | |
| Язык текста, звукозаписи и т.д. | русский |
| 102 ## - СТРАНА ПУБЛИКАЦИИ ИЛИ ПРОИЗВОДСТВА | |
| Страна публикации | Российская Федерация |
| 105 ## - ПОЛЕ КОДИРОВАННЫХ ДАННЫХ: ТЕКСТОВЫЕ МАТЕРИАЛЫ, МОНОГРАФИЧЕСКИЕ | |
| Кодированные данные о монографическом текстовом документе | chaaz ||||| |
| 200 1# - ЗАГЛАВИЕ И СВЕДЕНИЯ ОБ ОТВЕТСТВЕННОСТИ | |
| Основное заглавие | Произведения 1909-1910 |
| Первые сведения об ответственности | Ред. А.П. Никифоров, Б.М. Эйхенбаум, В.С. Шохор-Троцкая |
| 210 ## - ПУБЛИКАЦИЯ, РАСПРОСТРАНЕНИЕ И ДР. | |
| Место издания, распространения и т.д. | Москва |
| Имя издателя, распространителя и т. д. | Худож. лит. |
| Дата издания, распространения и т.д. | 1936 |
| Место изготовления | Ленинград |
| Имя изготовителя | тип. "Ленингр. правда" |
| 215 ## - ФИЗИЧЕСКАЯ ХАРАКТЕРИСТИКА | |
| Специфическое обозначение материала и объем | Суп.-обл., пер., XI, 616 с., 4 вкл. л. портр. и факс. |
| Другие сведения о физической характеристике | схем., портр., факс. |
| 461 #0 - УРОВЕНЬ НАБОРА | |
| Встроенное поле | 001rc\2859546 |
| -- | 2001#$aПолное собрание сочинений$eЮбилейное издание. (1828-1928)$hСерия 1$iПроизведения. Т. 1-$fЛ.Н. Толстой$gПод общ. ред. В.Г. Черткова$gПри участии Редакторского ком. в составе А. Л. Толстой, А. Е. Грузинского, Н. Н. Гусева ... [и др.]$gИздание осуществляется под наблюдением Гос. ред. комиссии в составе А. В. Луначарского, В. Д. Бонч-Бруевича, М. Н. Покровского и И. И. Степанова-Скворцова$vТ. 38 |
| -- | 700#1$aТолстой$bЛ. Н.$gЛев Николаевич$f1828-1910$3RU\NLR\AUTH\771515 |
| 702 #1 - ИМЯ ЛИЦА - ВТОРИЧНАЯ ОТВЕТСТВЕННОСТЬ | |
| Начальный элемент ввода | Никифоров |
| Часть имени, кроме начального элемента ввода | А. П. |
| Код отношения | Редактор |
| 702 #1 - ИМЯ ЛИЦА - ВТОРИЧНАЯ ОТВЕТСТВЕННОСТЬ | |
| Начальный элемент ввода | Эйхенбаум |
| Часть имени, кроме начального элемента ввода | Б. М. |
| Даты | 1886-1959 |
| Расширение инициалов личного имени | Борис Михайлович |
| Идентификатор авторитетной/нормативной записи | RU\NLR\auth\7720076 |
| Код отношения | Редактор |
| 702 #1 - ИМЯ ЛИЦА - ВТОРИЧНАЯ ОТВЕТСТВЕННОСТЬ | |
| Начальный элемент ввода | Шохор-Троцкая |
| Часть имени, кроме начального элемента ввода | В. С. |
| Код отношения | Редактор |
| 801 #0 - ИСТОЧНИК ЗАПИСИ | |
| Страна | Российская Федерация |
| Организация | NLR |
| Правила каталогизации | psbo |
| 801 #1 - ИСТОЧНИК ЗАПИСИ | |
| Страна | Российская Федерация |
| Организация | ELAR |
| Источник данных | rusmarc |
| 852 ## - МЕСТОНАХОЖДЕНИЕ И ШИФР ХРАНЕНИЯ | |
| Идентификатор организации | NLR |
| Наименование фонда или коллекции (Sub-Location Identifier) | Л |
| Шифр хранения (Call Number) | 30 Г-7/109 |
| 942 ## - ДОПОЛНИТЕЛЬНЫЕ ЭЛЕМЕНТЫ ЗАПИСИ (АБИС) | |
| Тип экземпляра АБИС | Книга |
| 980 ## - КОЛЛЕКЦИЯ | |
| Название коллекции | Национальная библиография |
Нет доступных экземпляров.